| 000 | 00567nam a2200181Ia 4500 | ||
|---|---|---|---|
| 005 | 20250923144810.0 | ||
| 008 | 008 250917s9999 xx 000 0 eng d | ||
| 037 | _aTextual | ||
| 040 |
_aDSWL _beng _cDSWL |
||
| 041 |
_aeng _2eng |
||
| 084 |
_aY111:4.6573.N5, J1 _qDSWL |
||
| 100 |
_aLangholm, Magne _9828534 |
||
| 245 | 0 |
_aFamily and child welfare in Norway _cby Magne Langholm |
|
| 260 |
_aOslo Navwegian _bNavwegianJoint Committee of _c1961 |
||
| 300 | _a146p. | ||
| 942 |
_cTEXL _hY111:4.6573.N5, J1 |
||
| 999 |
_c1443480 _d1443480 |
||